000 00894nam a2200277 i 4500
003 DO-SdBNP
005 20260428114513.0
007 ta
008 260210b2025 dr ||||| |||| 00| 0 spa d
020 _a9789945224474
040 _aDO-SdBNP
_bspa
_cBNPHU
_erda
041 _aspa
082 4 _axxx
_bS572g
_222
100 1 _aSierra Feliz, Aneudi,
_eautor
_4aut.
_988993
245 1 0 _aGracia inmerecida :
_bDios ¿por qué estoy aquí? /
_cAneudi Sierra Feliz
250 _aprimera edición
264 1 _aSanto Domingo, República Dominicana :
_bEditora Búho, S.R.L.
_c2025.
300 _a105 páginas ;
_c23 cm.
336 _atexto
_btxt
_2rdacontent
337 _asin mediación
_bn
_2rdamedia
338 _avolumen
_bnc
_2rdacarrier
500 _aIncluye datos biográficos del autor en la solapa de la cubierta.
590 _aInventariado, 2026 /LP
910 _aLP
942 _2ddc
_cLBS1
999 _c60287
_d60287